000 00779nam0a22002291 4500
001 rc\445524
005 20250621085936.0
035 _a(NLR Aleph) 005691002
090 _a7175769
_c7175769
100 _a20030616d1987 |||y0rusy50 ca
101 0 _arus
102 _aRU
105 _aa |||||||||
200 1 _aКак я сделал хоккейную шайбу
_eНауч.-худо. лит.
_e[Для мл. шк. возраста]
_fАлександра Скраган
_gРис. А. Семенова
210 _aМ.
_cДет. лит.
_d1987
215 _a47, [1] с.
_cцв. ил.
_d28х26
700 1 _aСкраган
_bА.Л.
_gАлександра Львовна
801 0 _aRU
_bNLR
_gpsbo
801 1 _aRU
_bELAR
_2rusmarc
852 _aNLR
_j87-8/881
942 _cBOOK
980 _aNB